Mitigating The Urban Heat Island Effet Caused By Road Infrastructure Through Landscape Architecture Interventions: A Case OF Chandni Chowk Pune (Record no. 364961)
[ view plain ]
| 000 -LEADER | |
|---|---|
| fixed length control field | 00607nam a22001697a 4500 |
| 005 - DATE AND TIME OF LATEST TRANSACTION | |
| control field | 20250203104304.0 |
| 008 - FIXED-LENGTH DATA ELEMENTS--GENERAL INFORMATION | |
| fixed length control field | 250203b |||||||| |||| 00| 0 eng d |
| 041 ## - LANGUAGE CODE | |
| Language code of text/sound track or separate title | eng |
| 082 ## - DEWEY DECIMAL CLASSIFICATION NUMBER | |
| Classification number | 712 |
| Item number | PAN |
| 100 ## - MAIN ENTRY--PERSONAL NAME | |
| Author | Pandit Simran |
| 245 ## - TITLE STATEMENT | |
| Title | Mitigating The Urban Heat Island Effet Caused By Road Infrastructure Through Landscape Architecture Interventions: A Case OF Chandni Chowk Pune |
| 260 ## - PUBLICATION, DISTRIBUTION, ETC. | |
| Place of publication, distribution, etc. | Pune |
| Name of publisher, distributor, etc. | BNCA M Arch Landscape Architecture |
| Date of publication, distribution, etc. | 28/01/2025 |
| 300 ## - PHYSICAL DESCRIPTION | |
| Extent | 55pages |
| Other physical details | Pb |
| Dimensions | 29.5 x 29.5 |
| 365 ## - TRADE PRICE | |
| Price type code | INR |
| Price amount | 150.00 |
| Currency code | Rupaye |
| 500 ## - GENERAL NOTE | |
| Keywords | BNCA M Arch Landscape Architecture Thesis |
| 942 ## - ADDED ENTRY ELEMENTS (KOHA) | |
| Koha item type | Project Reports |
| Withdrawn status | Lost status | Source of classification or shelving scheme | Damaged status | Not for loan | Home library | Current library | Date acquired | Vendor | Net Price | Total Checkouts | Full call number | Barcode | Date last seen | Actual Price | Bill Date | Koha item type |
|---|---|---|---|---|---|---|---|---|---|---|---|---|---|---|---|---|
| Dewey Decimal Classification | Reference | Dr. Bhanuben Nanavati College of Architecture | Dr. Bhanuben Nanavati College of Architecture | 03/02/2025 | BNCA M Arch Landscape Architecture | 150.00 | 712 PAN | BNCA-PR-2277 | 03/02/2025 | 150.00 | 03/02/2025 | Project Reports |